| 000 | 01076 a2200205 4500 | ||
|---|---|---|---|
| 003 | Nust | ||
| 005 | 20221124114032.0 | ||
| 010 | _a 95032597 | ||
| 020 | _a0130515183 | ||
| 040 | _cNust | ||
| 082 | 0 | 0 | _a519.40285,NAK |
| 100 | 1 |
_aNakamura, Shoichiro, _9103474 |
|
| 245 | 1 | 0 |
_aNumerical analysis and graphic visualization with MATLAB / _cShoichiro Nakamura. |
| 250 | _a2nd ed | ||
| 260 |
_aUpper Saddle River, N.J. : _bPrentice Hall PTR, _cc1996. |
||
| 300 |
_axi, 477 p. : _bill. (some col.) ; _c25 cm. |
||
| 505 | _aMATLAB Primer (Page-1), Graphics with MATLAB (Page-50), Linear Algebra (Page-110), Polynomials and Interpolation (Page-161), Numerical Integration (Page-205), Numerical Differentiation (Page-250), Roots of Nonlinear Equations (Page-279), Curve Fitting to Measured Data (Page-309), Spline Functions ad Nonlinear Interpolation (Page-324), Initial Value Problems of Ordinary Differential Equations (Page-351), Boundary Value Problems of Ordinary Differential Equations (Page-414). | ||
| 650 | 0 |
_aComputer graphics. _91225 |
|
| 942 |
_2ddc _cBK _k519.40285,NAK |
||
| 999 |
_c181260 _d181260 |
||